000 01097nam a22002897a 4500
003 OSt
005 20231103120831.0
007 ta
008 231027s2018 mx ||||| |||| 001 0 spa d
020 _a9786071205346
040 _cCHAP
_erda
082 0 0 _222
_a338.19
_bP94
245 0 0 _aGestión territorial y soberanía alimentaria :
_bexperiencias latinoamericanas /
_ccoordinado por Alfonso Pérez Sánchez y César Adrián Ramírez Miranda
264 1 _aChapingo, México :
_bUniversidad Autónoma Chapingo,
_c2018
300 _a169 páginas:
_bcuadros, figuras y gráficas.
336 _2rdacontent
_atexto
_btxt
337 _2rdamedia
_asin medio
_bn
338 _2rdacarrier
_avolumen
_bnc
504 _aConclusiones y referencias bibliográficas al final de cada tema
650 4 _9132988
_aSoberania alimentaria
_xProgramas de desarrollo
650 4 _9186302
_aSoberanía alimentaria
_xAspectos económicos
700 1 _990030
_aPérez Sánchez, Alfonso
_eCoordinador
700 0 _994152
_aRamírez Miranda, César Adrián
_eCoordinador
942 _2ddc
942 _2ddc
942 _cLIBRO
999 _c219331
_d219331